Detalles MARC
| 000 -LIDER |
| fixed length control field |
01423nam a22003257a 4500 |
| 003 - IDENTIFICACDOR DE NÚMERO DE CONTROL |
| control field |
DO-SdBNP |
| 005 - DATE AND TIME OF LATEST TRANSACTION |
| control field |
20171109121041.0 |
| 008 - ELEMENTOS DE LONGITUD FIJA |
| fixed length control field |
161026b1985 || 00| 0 spa d |
| 040 ## - FUENTE DE CATALOGACIÓN |
| Agencia que crea de manera original el registro |
BPMSU |
| Idioma de catalogación |
spa |
| Agencia que realiza la transcripción |
BPMSU |
| 082 #4 - NÚMERO DE CLASIFICACIÓN DECIMAL DE DEWEY |
| Classification number |
610.724 |
| Item number |
C212m, 1989 |
| 100 1# - ASIENTO PRINCIPAL -- NOMBRE PERSONAL |
| Nombre personal |
Canales, Francisca H. de |
| 245 10 - MENCIÓN DE TITULO |
| Título |
Metodología de la investigación : |
| Subtítulo |
manual para el desarrollo de personal de salud / |
| Mención de responsabilidad |
Francisca H. de Canales, Eva Luz de Alvarado, Elia Beatriz Pineda |
| 260 0# - PUBLICACIÓN, DISTRIBUCIÓN, ETC. (PIE DE IMPRENTA) |
| Lugar de publicación, distribución, etc |
[ s.l.] : |
| Nombre del editor, distribuidor, etc. |
OPS , |
| Fecha de publicación, distribución, etc |
1989 |
| 300 ## - DESCRIPCIÓN FÍSICA |
| Extensión |
327 p. : |
| Dimensiones |
24 cm |
| 490 1# - MENCIÓN DE SERIES |
| Mención de serie |
Publicación PASCCAP; |
| Volume/sequential designation |
16 |
| 490 1# - MENCIÓN DE SERIES |
| Mención de serie |
PALTEX para ejecutores de programas de salud |
| Volume/sequential designation |
9 |
| 650 #4 - ENCABEZAMIENTO DE MATERIA--TEMÁTICO |
| Término temático o nombre geográfico como elemento de entrada |
MEDICINA |
| Subdivisión temática general |
INVESTIGACIÓNES |
| 650 #4 - ENCABEZAMIENTO DE MATERIA--TEMÁTICO |
| Término temático o nombre geográfico como elemento de entrada |
MEDICINA CLÍNICA |
| Subdivisión temática general |
INVESTIGACIONES |
| 700 12 - ASIENTO SECUNDARIO -- NOMBRE PERSONAL |
| Nombre personal |
Alvarado, Eva Luz, de |
| 700 12 - ASIENTO SECUNDARIO -- NOMBRE PERSONAL |
| Nombre personal |
Pineda, Elia Beatriz |
| 710 22 - ASIENTO SECUNDARIO -- NOMBRE CORPORATIVO |
| Nombre corporativo o de jurisdicción |
Organización Panamericana de la Salud |
| Unidad subordinada |
Programa Centroamericano de Investigación sobre Personal de Salud |
| 710 22 - ASIENTO SECUNDARIO -- NOMBRE CORPORATIVO |
| Nombre corporativo o de jurisdicción |
Organización Panamericana de la Salud. |
| Unidad subordinada |
Programa de Adiestramiento en Salud Comunitaria de Centroamérica y Panamá |
| 710 22 - ASIENTO SECUNDARIO -- NOMBRE CORPORATIVO |
| Nombre corporativo o de jurisdicción |
Organización Panamericana de la Salud. |
| Unidad subordinada |
Programa de Adiestramiento en Salud Comunitaria de Centroamérica y Panamá |
| 830 #0 - ASIENTO SECUNDARIO DE SERIE--TÍTULO UNIFORME |
| Título uniforme |
Publicación PASCCAP ; |
| Volume number/sequential designation |
16 |
| 830 #0 - ASIENTO SECUNDARIO DE SERIE--TÍTULO UNIFORME |
| Título uniforme |
PALTEX para ejecutivos de programas de salud ; |
| Número de la parte o sección de una obra |
9 |
| 910 ## - VALIDACIÓN |
| Validación |
Validado. Control de calidad MFF |
| 942 ## - ADDED ENTRY ELEMENTS (KOHA) |
| Source of classification or shelving scheme |
Dewey Decimal Classification |
| Koha item type |
Libros |
| 945 ## - INFORMACIÓN DE PROCESAMIENTO LOCAL |
| Información de procesamiento local |
Inventariado extranjero / 2017 VM |
| 956 ## - LOCAL ELECTRONIC LOCATION AND ACCESS (OCLC) |
| Nombre de host |
dgarcia |